|
|
|
|
| LEADER |
00000nam a2200000 a 4500 |
| 001 |
vtls008390507 |
| 003 |
SK-MaSNL |
| 005 |
20260301123541.0 |
| 008 |
251124s1918 xo slo |
| 015 |
|
|
|a SKSNBA19191938-009055
|
| 035 |
|
|
|a SK01SNKBSKHR20020082724
|
| 035 |
|
|
|a SKM000085187
|
| 040 |
|
|
|a SNK
|b slo
|c SNK
|e AACR2
|
| 041 |
1 |
|
|a slo
|
| 044 |
|
|
|a xo
|
| 080 |
|
|
|a 245
|2 1981
|
| 245 |
1 |
0 |
|a Pieseň ku Pánu Ježišu o rozjímaní sv. ruženca
|
| 260 |
|
|
|a [S.l.]
|b [s.n.]
|c [po r. 1918]
|e Banská Bystrica
|f Slov. Grafia
|
| 300 |
|
|
|a [8] s.
|c 8°
|
| 500 |
|
|
|a Ilustr. ob. tit.
|
| 650 |
0 |
7 |
|a duchovné piesne
|2 SNK
|9 1928
|
| 655 |
|
7 |
|a knihy
|2 SNKPH
|9 307098
|
| 852 |
|
|
|a Slovenská národná knižnica v Martine
|b 10000
|h MS SD 16610/32
|
| 958 |
|
|
|a ONDV
|
| 958 |
|
|
|a RK
|
| 958 |
|
|
|a TL
|
| 999 |
|
|
|c 736639
|d 738569
|
| 952 |
|
|
|a SNK
|b SNK
|y PREZ
|7 0
|p 17A0603677
|o snkSD 16610/32
|i snkK 427/81
|8 3
|0 0
|1 0
|4 0
|d 2008-11-14
|l 0
|r 2025-12-01 00:00:00
|w 2026-02-23
|